Quiz sur les animaux - Statistiques

Statistiques générales
  • Ce quiz a été pris 46 fois
  • Le résultat moyen est 5 sur 16
Statistiques - réponses
Par images Réponse % Correct
Guépard
95%
Lycaon
59%
Casoar
49%
Opossum
49%
Wombat
49%
Rat-taupe nu
35%
Tarsier
32%
Macareux moine
27%
Quetzal
27%
Geai bleu
24%
Quokka
22%
Chouette chevêche
16%
Harle piette
5%
Singe doré
5%
Cerf-souris
3%
Diable cornu
3%
Aucun quiz correspondant
Distribution des résultats
% des personnes avec chaque résultat
Percentile par nombre de réponses
Votre historique - résultats
Vous n’avez pas pris ce quiz